Estadísticas para Prueba del FC Barcelona

Haz click aquí para intentar la prueba.

Estadísticas generales

  • Esta prueba ha sido intentada 1.787 veces
  • La puntuación promedio es 14 de 20

Estadísticas de respuestas

PreguntaRespuesta% Correcto
¿De qué colores son su mítica camiseta?Azul
99%
¿Quién es el máximo goleador de la historia del club?Lionel Messi
99%
¿De qué colores son su mítica camiseta?Rojo
98%
¿Cuántas Champions tiene?5
97%
¿Contra qué equipo juega «El Clásico»?Real Madrid
97%
¿Cómo se llama su estadio actual?Camp Nou
95%
¿Qué exfutbolista de Barça actualmente sirve como su entrenador?Xavi Hernández
93%
¿Cómo se llaman más comunmente los aficionados de Barça?Culés
84%
Y, ¿quién es el presidente actual?Joan Laporta
84%
¿Quién, a partir de 2024, tiene el récord del fichaje más caro, saliendo del Barça en 2017 por €222 millones?Neymar
83%
¿En qué año se fundó el club?1899
75%
¿A qué club se transfirió el capitán en 2021?París Saint-Germain
74%
¿En qué estadio se mudó para la temporada 2023-24?Olímpico Lluís Companys
73%
¿Quién fue el primer jugador del Barça en ganar el Balón de Oro, recogiendo el galardón en 1960?Luis Suárez
55%
¿Qué otro apodo viene del himno del club?Blaugrana
52%
¿Contra qué equipo ganó su último mundial de clubes (en 2015)?River Plate
40%
¿Contra qué equipo ganó por primera vez la Copa de Europa en 1992, justo antes de renombrarse a la Champions League?Unione Calcio Sampdoria
35%
Según el sitio web de Barça, ¿cómo se llama la era entre 1988 - 1996?Era del Dream Team
27%
¿Quién es el presidente más longevo en el cargo del club?José Luis Núñez
24%
¿A qué futbolista de los años 1980 se dijo «_____, t'estimo»?Javier Urruticoechea
7%

Distribución de puntuación

Porcentaje por número respondido

Porcentaje de gente con cada puntuación

Historial de tus puntuaciones

No has intentado esta prueba.